000 00648nam a2200193 i 4500
001 105639
003 ES-MaACL
005 20230906183935.0
007 t|
008 060801s1958 ag ||||1| spa d
080 _a929 García Lorca, Federico
100 1 _aMora Guarnido, José.
_982879
245 1 0 _aFederico García Lorca y su mundo :
_btestimonio para una biografía /
_cJosé Mora Guarnido.
260 _aBuenos Aires :
_bLosada,
_c[1958]
300 _a239 p. ;
_c21 cm.
600 1 4 _aGarcía Lorca, Federico,
_d1898-1936-
_xBiografías
_954854
852 _aES-MaACL
_jAND-460
_z- Biblioteca Juan Andrade
999 _c105639
_d105639